zpět

Detail výsledku týmu

Pivovar Prokopák, Praha

Datum a čas kvízu

30 Celkem bodů Celkový počet nahraných bodů na tomto kvízu bez doplňovacích otázek.
10. Pořadí na kvízu Konečné umístění týmu na tomto kvízu.

Zaznamenané odpovědi

# Otázka Odpověď Body Výsledky
1. Hasiči v pondělí na poslední c... B 1
2. V bavorském městečku Burgsinn... Penny 0
3. Minulý týden potvrdili konec s... David Prachař; Linda Rybová 1
4. Na technologickém veletrhu CES... Tamagoči 1
5. Minulý týden proběhl nejdražší... Matyáš Vojta 1
6. Frank Lloyd Wright bývá označo... Guggenheimovo muzeum 0
7. Seřaďte uvedené události od té... 1A 2B 3D 4C 0
8. Jak si říká tento americký zpě... Lenny Kravitz; New York City 0.5
9. Turisté v NYC míří nejen do di... 1A 2C 3B 4D 1
10. Jak se jmenuje fiktivní město,... Gotham (City); Bronx 0.5